000 00327nam a2200133Ia 4500
005 20251222154350.0
008 251222s9999||||xx |||||||||||||| ||spa||
020 _a978-607-15-0304-6
082 _a572/M97
100 _a"Murray, Robert K.y otros"
245 0 _aHarper Bioquémica ilustrada
250 _a28a.ed.
942 _cLIB
999 _c34864
_d34864